| 000 | 00520nam a2200157 4500 | ||
|---|---|---|---|
| 001 | 112850 | ||
| 003 | ES-MaACL | ||
| 005 | 20230906185643.0 | ||
| 007 | t| | ||
| 008 | 061121s1949 sp r ||||1| spa d | ||
| 245 | 0 | 0 |
_aNuestra tarea _b: (ocho años de colonización). |
| 260 |
_aMadrid : _bServicio de Información y Publicaciones Sindicales, _c1949. |
||
| 300 |
_a93 p. : _bil. ; _c23 cm. |
||
| 700 | 1 |
_aServicio de Información y Publicaciones Sindicales (España) _9105868 |
|
| 852 |
_aES-MaACL _j1904-F-15 _bR.27380 |
||
| 999 |
_c112850 _d112850 |
||